000 01027nam a2200313Ia 4500
003 OSt
005 20221006154157.0
006 a|||||r|||| 00| 0
007 ta
008 221006b |||||||| |||| 00| 0 eng d
020 _a9780415545365
_c
_34.00
024 _a34,626
037 _bGift, Japan Foundation
_cTextual
040 _aEASL
_cEASL
_beng
041 _2eng
_aeng
082 _aT1.42.P02, P7
100 _aCave Peter
_9596684
245 0 _aPrimary school in Japan
_b Self, individuality and learning in elementary education
260 _aLondon
_bRoutledge
_c2007
300 _a244p.
_ccm.
490 _v JEL
_aJapan Anthropology Workshop Series
650 _a Child development - Japan
_9648875
650 _a Individuality in children - Japan
_9666907
650 _a Japanese - education elementary
_9666908
650 _a JEL
650 _aEducation elementary - Japan
_9666909
942 _hT1.42.P02, P7
_cTEXL
_2CC
999 _c1102712
_d1102712